Score 0/20 Timer 06:00
2 Plays Today
Questions Answer Chain % Correct
What is the name of the traditional Japanese art of paper folding?[OR]IGA[MI]
96.9%
What is the name of the Norse god of thunder?[TH][OR]
96.3%
Which Scooby-Doo character shares their name with a Jamaican-American rapper?[SH]AG[GY]
87%
What is the most widely spoken language in the West Germanic language branch?[EN]GLI[SH]
75.7%
By what name is the French dish of cooked snails, which is usually served as an hors d'oeuvre, known?[ES]CARG[OT]
73.2%
Which Shakespearean tragedy features the characters of Iago and Desdemona?[OT]HEL[LO]
73.1%
What term is used to collectively refer to protein-rich foods that include beans, peas and lentils?[LE]GU[ME]
68.3%
Bill has one, Cyndi has two, Emily has three, Alexander has four. What is it we are referring to?[SY]LLAB[LE]
67.2%
What Broadway musical has starred Ethel Merman, Bernadette Peters & Patti Lupone as its lead?[GY]P[SY]
63.9%
What stimulant and psychoactive drug is reportedly consumed daily by 90% of North Americans?[CA]FFEI[NE]
61.2%
Questions Answer Chain % Correct
Along with War, Famine, and Pestilence, what is the fourth Horseman of the Apocalypse?[DE]A[TH]
60.6%
What is the name of the disaccharide sugar that constitutes 2-8% of milk by weight?[LA]CTO[SE]
60.2%
What is the surname of the British actress awarded the Oscar for Best Actress at the 79th Academy Awards?[MI]RR[EN]
59%
What name is given to an interstellar cloud of dust and ionized gases?[NE]BU[LA]
57.2%
What name is given to the chief official or referee of a game of tennis?[UM]PI[RE]
54.7%
What is the stage name of singer Ella Yelich-O'Connor, born in New Zealand in 1996?[LO]R[DE]
48.9%
Victoria is the capital city of which small island country?[SE]YCHELL[ES]
44.8%
The river Yarra and the suburbs of St. Kilda and Richmond are features of which Southern Hemisphere city?[ME]LBOUR[NE]
42.8%
What 1940 Alfred Hitchcock film is based on a novel of the same name by Daphne du Maurier?[RE]BEC[CA]
35.6%
Which element, with the atomic number 60, is used as a component in high-strength magnets?[NE]ODYMI[UM]
21.1%
Remove Ads.
Support Sporcle.
Get the best of Sporcle when you Go Orange. This ad-free experience offers more features, more stats, and more fun while also helping to support Sporcle. Thank you for becoming a member.

You're not logged in!

Compare scores with friends on all Sporcle quizzes.
OR
Log In

Show Comments

Extras

Top Quizzes Today


Score Distribution

Your Account Isn't Verified!

In order to create a playlist on Sporcle, you need to verify the email address you used during registration. Go to your Sporcle Settings to finish the process.

Report this User

Report this user for behavior that violates our Community Guidelines.

Details: